| Tag |
First Indicator |
Second Indicator |
Subfields |
| LEADER |
00000cam a2200000 4500 |
| 001 |
in00000030450 |
| 005 |
20151007061609.0 |
| 008 |
730502s1958 enka 00000 eng u |
| 010 |
|
|
|a 58000952
|
| 035 |
|
|
|a (OCoLC)00615280
|
| 035 |
|
|
|9 AAD2545AM
|
| 040 |
|
|
|c WSU
|d TXA
|d UtOrBLW
|
| 049 |
|
|
|a TXAM
|c [292539]
|
| 050 |
|
0 |
|a MT50
|b .J16
|
| 092 |
|
|
|a 781.3
|b J17h
|
| 100 |
1 |
|
|a Jacobs, Robert Louis.
|
| 245 |
1 |
0 |
|a Harmony for the listener.
|
| 264 |
|
1 |
|a London,
|a New York :
|b Oxford University Press,
|c 1958.
|
| 300 |
|
|
|a 180 pages :
|b illustrations ;
|c 23 cm.
|
| 336 |
|
|
|a text
|b txt
|2 rdacontent
|
| 337 |
|
|
|a unmediated
|b n
|2 rdamedia
|
| 338 |
|
|
|a volume
|b nc
|2 rdacarrier
|
| 650 |
|
0 |
|a Harmony.
|
| 999 |
|
|
|a MARS
|
| 999 |
f |
f |
|s bcc87e20-f5ef-39ef-b239-d616204b28a9
|i a699a8f8-dfad-3268-9b44-3e4715bef542
|t 0
|
| 952 |
f |
f |
|p ric
|a Texas A&M University
|b Rellis Campus
|c Joint Library Facility
|d Remote Storage
|t 0
|e MT50 .J16
|h Library of Congress classification
|i unmediated -- volume
|m A14801169561
|
| 998 |
f |
f |
|a MT50 .J16
|t 0
|l Remote Storage
|